Влияние среды и способа термообработки на изменение группового состава и свойств осокового низинного торфа; Химия растительного сырья; № 2

Bibliografiske detaljer
Parent link:Химия растительного сырья: журнал теоретических и прикладных исследований/ Алтайский государственный университет (АлтГУ).— , 1997-
№ 2.— 2004.— [С. 61-66]
Hovedforfatter: Чухарева Н. В. Наталья Вячеславовна
Andre forfattere: Долгих С. М. Сергей Михайлович, Маслов С. Г. Станислав Григорьевич
Summary:Заглавие с экрана
Установлено, что изменение среды и способа термообработки осокового низинного торфа оказывает влияние на его состав и свойства. Показано, что изотермическая выдержка и быстрое охлаждение являются факторами, посредством которых можно воздействовать на групповой состав и химическую структуру торфа, об особенностях последней можно судить по процессам термического декарбоксилирования и термической дегидратации
Режим доступа: по договору с организацией-держателем ресурса
Sprog:russisk
Udgivet: 2004
Fag:
Online adgang:http://elibrary.ru/item.asp?id=9441743
Format: Electronisk Book Chapter
KOHA link:https://koha.lib.tpu.ru/cgi-bin/koha/opac-detail.pl?biblionumber=636824

MARC

LEADER 00000nla0a2200000 4500
001 636824
005 20250407092829.0
035 |a (RuTPU)RU\TPU\network\880 
090 |a 636824 
100 |a 20140328d2004 k||y0rusy50 ca 
101 0 |a rus 
102 |a RU 
135 |a drnn ---uucaa 
181 0 |a i  
182 0 |a b 
200 1 |a Влияние среды и способа термообработки на изменение группового состава и свойств осокового низинного торфа  |f Н. В. Чухарева, С. М. Долгих, С. Г. Маслов 
203 |a Текст  |c электронный 
300 |a Заглавие с экрана 
320 |a [Библиогр.: с. 65-66 (9 назв.)] 
330 |a Установлено, что изменение среды и способа термообработки осокового низинного торфа оказывает влияние на его состав и свойства. Показано, что изотермическая выдержка и быстрое охлаждение являются факторами, посредством которых можно воздействовать на групповой состав и химическую структуру торфа, об особенностях последней можно судить по процессам термического декарбоксилирования и термической дегидратации 
333 |a Режим доступа: по договору с организацией-держателем ресурса 
461 |t Химия растительного сырья  |o журнал теоретических и прикладных исследований  |f Алтайский государственный университет (АлтГУ)  |d 1997- 
463 |t № 2  |v [С. 61-66]  |d 2004 
610 1 |a электронный ресурс 
610 1 |a труды учёных ТПУ 
610 1 |a торф 
610 1 |a термообработка 
700 1 |a Чухарева  |b Н. В.  |c специалист в области нефтегазового дела  |c доцент Томского политехнического университета, кандидат химических наук  |f 1967-  |g Наталья Вячеславовна  |3 (RuTPU)RU\TPU\pers\26133  |9 11962 
701 1 |a Долгих  |b С. М.  |g Сергей Михайлович 
701 1 |a Маслов  |b С. Г.  |c химик-технолог  |c доцент Томского политехнического университета, кандидат технических наук  |f 1939-  |g Станислав Григорьевич  |3 (RuTPU)RU\TPU\pers\26203 
801 2 |a RU  |b 63413507  |c 20140328  |g RCR 
856 4 |u http://elibrary.ru/item.asp?id=9441743 
942 |c CF